Statistics for Marvel- Which actor plays which superhero?-Civil War

Click here to take the quiz!

General Stats

  • This quiz has been taken 503 times
  • The average score is 12 of 13

Answer Stats

HintAnswer% Correct
Robert Downey.JrIronman
100%
Scarlett JohannsonBlack Widow
99%
Chris EvansCaptain America
99%
Paul RuddAnt-man
97%
Tom HollandSpiderman
97%
Jeremy RennerHawkeye
96%
Chadwick BosemanBlack Panther
95%
Sebastian StanBucky
95%
Elizabeth OlsenScarlet Witch
95%
Anthony MackieFalcon
91%
Paul BettanyVision
91%
Don CheadleWar Machine
87%
Emily VanCampSharon Carter
58%

Score Distribution

Percentile by Number Answered

Percent of People with Each Score

Your Score History

You have not taken this quiz